Every Hoi4 Nation - Statistics

General Stats
  • This quiz has been taken 61 times
  • The average score is 64 of 90
Answer Stats
Answer % Correct
Germany
96%
United States
96%
Canada
94%
Spain
94%
Sweden
94%
France
92%
Mexico
92%
Portugal
92%
Soviet Union
92%
United Kingdom
92%
China
91%
Norway
91%
Austria
89%
Belgium
89%
Italy
89%
Poland
89%
Australia
87%
Brazil
87%
Finland
87%
Netherlands
87%
Denmark
85%
Japan
85%
Romania
85%
Estonia
83%
Ethiopia
83%
Honduras
83%
Iran
83%
Latvia
83%
Lithuania
83%
Bulgaria
81%
Chile
81%
Hungary
81%
Ireland
81%
Turkey
81%
Yugoslavia
81%
Argentina
79%
Iraq
79%
Peru
79%
Switzerland
79%
Albania
77%
British Raj
77%
Greece
77%
Panama
77%
South Africa
77%
Afghanistan
75%
Bolivia
75%
New Zealand
75%
Luxembourg
74%
Colombia
72%
Costa Rica
72%
Czechoslovakia
72%
Ecuador
72%
El Salvador
72%
Guatemala
72%
Haiti
72%
Liberia
72%
Uruguay
72%
Cuba
70%
Venezuela
70%
Yemen
70%
Dominican Republic
68%
Iceland
68%
Mongolia
68%
Paraguay
68%
Siam
68%
Communist China
66%
Saudi Arabia
64%
Dutch East Indies
62%
Bhutan
58%
Manchukuo
57%
Nepal
57%
Philippines
57%
Syria
57%
Tibet
57%
Tannu Tuva
49%
Yunnan
49%
Lebanon
45%
Xibei San Ma
45%
Sinkiang
43%
British Malaya
42%
Guangxi Clique
40%
Jordan
40%
Shanxi
40%
Aussa
38%
Kuwait
36%
Belgian Congo
32%
British Burma
30%
Mengkukuo
21%
Mandatory Palestine
17%
Muscat and Oman
9%
No matching quizzes found
Score Distribution
Percent of People with Each Score
Percentile by Number Answered
Your Score History
You have not taken this quiz